00702 2200193 4500001002100000005001500021035002000036245013100056100001900187250002000206300005400226856002200280700008000302260007000382082000800452084001400460020002200474600001200496INLIS00000000114854020260603020102 a0010-06260000731 aSejarah Borongloe /cPenulis; Zainuddin Tika, dkk, Editor; Hasan Hasyim, Setting; Idris Dolo, Desain Cover; Rachman Hasanuddin0 aZainuddin Tika aCetakan Pertama a90 halaman :bIlustrasi ;c13.9 x 20.2 cmeKertas aPerpustakaan Umum0 aEditor; Hasan Hasyim, Setting; Idris Dolo, Desain Cover; Rachman Hasanuddin aMakassar :bLembaga Kajian Sejarah Budaya Sulawesi Selatan,c2015 a909 a909 ZAI s a978-602-14794-3-8 4aSejarah